000 00660nam a2200253Ia 4500
005 20260121161148.0
008 008 260114s9999 xx 000 0 eng d
020 _a9781003412465
037 _aEBOOK
040 _aCRL
040 _beng
040 _cCRL
041 _2eng
041 _aeng
084 _qCRL
100 _aArturo Zoffmann Rodriguez
_91040973
245 4 _aThe Spanish Anarchists and the Russian Revolution, 1917–24:Anguish and Enthusiasm
260 _bTaylor and Francis
260 _c2024
856 _uhttp://www.taylorfrancis.com/books/9781003412465
942 _cEBOOK
999 _c1607789
_d1607789